000
00310nam a22001217a 4500
008
230620b xxu||||| |||| 00| 0 eng d
082
_a
320.5
_b
CON
100
_c
Robert Conquest
245
_a
The Politics of Ideas in the USSR
260
_a
London
_b
The Bodley Head Ltd
_c
1967
300
_a
175p
942
_2
ddc
_c
BK
999
_c
1607
_d
1607